Statistics for Guess Countries by Only First Letters and Lengths

Click here to take the quiz!

General Stats

  • This quiz has been taken 3,148 times
  • The average score is 15 of 20

Answer Stats

Answer% Correct
F {I} {J} {I}
95%
Z {A} {M} {B} {I} {A}
94%
P {E} {R} {U}
91%
V {E} {N} {E} {Z} {U} {E} {L} {A}
89%
D {E} {N} {M} {A} {R} {K}
85%
J {A} {P} {A} {N}
85%
U {G} {A} {N} {D} {A}
85%
F {R} {A} {N} {C} {E}
81%
K {E} {N} {Y} {A}
81%
L {I} {T} {H} {U} {A} {N} {I} {A}
77%
G {U} {A} {T} {E} {M} {A} {L} {A}
74%
H {U} {N} {G} {A} {R} {Y}
72%
B {A} {N} {G} {L} {A} {D} {E} {S} {H}
70%
R {O} {M} {A} {N} {I} {A}
69%
E {G} {Y} {P} {T}
66%
I {S} {R} {A} {E} {L}
66%
M {A} {L} {T} {A}
64%
A {N} {G} {O} {L} {A}
61%
N {O} {R} {W} {A} {Y}
50%
T {U} {N} {I} {S} {I} {A}
47%

Score Distribution

Percentile by Number Answered

Percent of People with Each Score

Your Score History

You have not taken this quiz